000 00593nam a2200181 a 4500
005 20250111063821.0
008 991125s1938 ag 000 0 spa u
035 _aUPN01000010900
049 _aCE
050 4 _aLA546
_bC6.2 1938
111 2 _aCongreso Argentino de Educación
_d(1938 :
_cSan Juan, Argentina)
_928349
245 1 0 _aCongreso argentino de educación.
260 _aSan Juan [Arg.] :
_bImpr. N. Uribe Yanzón,
_c1938.
300 _aviii, 400 p. :
_bil.
600 1 4 _aSARMIENTO, DOMINGO FAUSTINO,
_d1811-1888
650 4 _aEducación
_zArgentina
_vCongresos
_914717
905 _aLibro
999 _c10900
_d10900